Mechanization in industry (Record no. 371310)

000 -LEADER
fixed length control field 00526cam a22001577a 4500
008 - FIXED-LENGTH DATA ELEMENTS--GENERAL INFORMATION
fixed length control field 180718b1934 xxu||||| |||| 00| 0 eng d
082 ## - DEWEY DECIMAL CLASSIFICATION NUMBER
Classification number T253 J483
100 ## - MAIN ENTRY--PERSONAL NAME
Personal name Jerome, Harry
245 ## - TITLE STATEMENT
Title Mechanization in industry
Statement of responsibility, etc. by Harry Jerome
260 ## - PUBLICATION, DISTRIBUTION, ETC.
Place of publication, distribution, etc. New York
Name of publisher, distributor, etc. National Bureau of Economic Research
Date of publication, distribution, etc. 1934
300 ## - PHYSICAL DESCRIPTION
Extent 484p.
500 ## - GENERAL NOTE
General note National Bureau of Economic Research Pub. 27
650 ## - SUBJECT ADDED ENTRY--TOPICAL TERM
Topical term or geographic name entry element United States --Economic conditions --1918-1945
650 ## - SUBJECT ADDED ENTRY--TOPICAL TERM
Topical term or geographic name entry element Industries --United States
650 ## - SUBJECT ADDED ENTRY--TOPICAL TERM
Topical term or geographic name entry element Machinery in the workplace
Holdings
Withdrawn status Lost status Damaged status Not for loan Permanent Location Current Location Date acquired Full call number Barcode Date last seen Price effective from Koha item type
        Indian Institute of Public Administration Indian Institute of Public Administration 1994-06-09 T253 J483 37088 2018-07-21 2018-07-21 Book

Powered by Koha